<?xml version="1.0" encoding="UTF-8"?>
<record
    xmlns:xsi="http://www.w3.org/2001/XMLSchema-instance"
    xsi:schemaLocation="http://www.loc.gov/MARC21/slim http://www.loc.gov/standards/marcxml/schema/MARC21slim.xsd"
    xmlns="http://www.loc.gov/MARC21/slim">

  <leader>03353cam a22002775a 4500</leader>
  <controlfield tag="001">18153419</controlfield>
  <controlfield tag="005">20161015151709.0</controlfield>
  <controlfield tag="008">140515s2015    enk    frb    001 0 eng d</controlfield>
  <datafield tag="010" ind1=" " ind2=" ">
    <subfield code="a">  2014011540</subfield>
  </datafield>
  <datafield tag="020" ind1=" " ind2=" ">
    <subfield code="a">9781138022799 (pbk)</subfield>
  </datafield>
  <datafield tag="040" ind1=" " ind2=" ">
    <subfield code="a">DLC</subfield>
    <subfield code="b">eng</subfield>
    <subfield code="c">DLC</subfield>
    <subfield code="d">EG-ScBUE</subfield>
  </datafield>
  <datafield tag="082" ind1="0" ind2="4">
    <subfield code="a">070.449338542</subfield>
    <subfield code="b">MED</subfield>
    <subfield code="2">22</subfield>
  </datafield>
  <datafield tag="245" ind1="0" ind2="4">
    <subfield code="a">The media and financial crises :</subfield>
    <subfield code="b">comparative and historical perspectives /</subfield>
    <subfield code="c">edited by Steve Schifferes and Richard Roberts.</subfield>
  </datafield>
  <datafield tag="260" ind1=" " ind2=" ">
    <subfield code="a">Abingdon :</subfield>
    <subfield code="b">Routledge,</subfield>
    <subfield code="c">2015.</subfield>
  </datafield>
  <datafield tag="300" ind1=" " ind2=" ">
    <subfield code="a">xxviii, 309 p. ;</subfield>
    <subfield code="c">24 cm.</subfield>
  </datafield>
  <datafield tag="504" ind1=" " ind2=" ">
    <subfield code="a">Includes bibliographical references and index.</subfield>
  </datafield>
  <datafield tag="520" ind1=" " ind2=" ">
    <subfield code="a">"The Media and Financial Crises provides unique insights into the debate on the role of the media in the global financial crisis. Coverage is inter-disciplinary, with contributions from media studies, political economy and journalists themselves. It features a wide range of countries, including the USA, UK, Ireland, Greece, Spain and Australia, and a completely new history of financial crises in the British press over 150 years. Editors Steve Schifferes and Richard Roberts have assembled an expert set of contributors, including Joseph E Stiglitz and Lionel Barber, editor of the Financial Times. The role of the media has been central in shaping our response to the financial crisis. Examining its performance in comparative and historical perspectives is crucial to ensuring that the media does a better job next time.The book has five distinct parts:The Banking Crisis and the MediaThe Euro-Crisis and the MediaChallenges for the MediaThe Lessons of HistoryMedia Messengers Under InterrogationThe Media and Financial Crises offers broad and coherent coverage, making it ideal for both students and scholars of financial journalism, journalism studies, media studies, and media and economic history"--</subfield>
  </datafield>
  <datafield tag="520" ind1=" " ind2=" ">
    <subfield code="a">"The Media and Financial Crises provides unique insights into the debate on the role of the media in the global financial crisis. Coverage is inter-disciplinary, with contributions from media studies, political economy and journalists themselves. It features a wide range of countries, including the USA, UK, Ireland, Greece, Spain and Australia, and a completely new history of financial crises in the British press over 150 years. Editors Steve Schifferes and Richard Roberts have assembled an expert set of contributors, including Joseph E Stiglitz and Lionel Barber, editor of the Financial Times. The role of the media has been central in shaping our response to the financial crisis. Examining its performance in comparative and historical perspectives is crucial to ensuring that the media does a better job next time. The book has five distinct parts: The Banking Crisis and the Media The Euro-Crisis and the Media Challenges for the Media The Lessons of History Media Messengers Under Interrogation The Media and Financial Crises offers broad and coherent coverage, making it ideal for both students and scholars of financial journalism, journalism studies, media studies, and media and economic history"--</subfield>
  </datafield>
  <datafield tag="650" ind1=" " ind2="0">
    <subfield code="a">Financial crises</subfield>
    <subfield code="x">Press coverage.</subfield>
    <subfield code="2">BUEsh</subfield>
  </datafield>
  <datafield tag="650" ind1=" " ind2="0">
    <subfield code="a">Global Financial Crisis, 2008-2009</subfield>
    <subfield code="x">In mass media.</subfield>
    <subfield code="2">BUEsh</subfield>
  </datafield>
  <datafield tag="651" ind1=" " ind2=" ">
    <subfield code="2">BUEsh</subfield>
  </datafield>
  <datafield tag="653" ind1=" " ind2=" ">
    <subfield code="b">COMAME</subfield>
    <subfield code="c">October2016</subfield>
  </datafield>
  <datafield tag="700" ind1="1" ind2=" ">
    <subfield code="a">Schifferes, Steve.</subfield>
    <subfield code="e">editor.</subfield>
  </datafield>
  <datafield tag="700" ind1="1" ind2=" ">
    <subfield code="a">Roberts, Richard,</subfield>
    <subfield code="d">1952-</subfield>
    <subfield code="e">editor.</subfield>
  </datafield>
  <datafield tag="942" ind1=" " ind2=" ">
    <subfield code="2">ddc</subfield>
  </datafield>
  <datafield tag="999" ind1=" " ind2=" ">
    <subfield code="c">22588</subfield>
    <subfield code="d">22560</subfield>
  </datafield>
  <datafield tag="952" ind1=" " ind2=" ">
    <subfield code="0">0</subfield>
    <subfield code="1">0</subfield>
    <subfield code="2">ddc</subfield>
    <subfield code="4">0</subfield>
    <subfield code="7">0</subfield>
    <subfield code="8">Academic</subfield>
    <subfield code="a">MAIN</subfield>
    <subfield code="b">MAIN</subfield>
    <subfield code="c">LOW</subfield>
    <subfield code="d">2016-10-15</subfield>
    <subfield code="e">Purchase</subfield>
    <subfield code="g">378.00</subfield>
    <subfield code="h">9130</subfield>
    <subfield code="l">0</subfield>
    <subfield code="o">070.449338542 MED</subfield>
    <subfield code="p">000034088</subfield>
    <subfield code="r">2025-07-15 00:00:00</subfield>
    <subfield code="v">472.50</subfield>
    <subfield code="y">BB</subfield>
  </datafield>
</record>
